[Event "102nd YMCA Winter B"]
[Site "Warszawa"]
[Date "2012.03.21"]
[Round "12"]
[White "Harazinska, Ewa"]
[Black "Szukalski, Antoni"]
[Result "1-0"]
[WhiteElo "1900"]
[BlackElo "1858"]
[PlyCount "63"]
[EventDate "2012.01.03"]
[EventType "tourn"]
[EventRounds "1"]
[EventCountry "POL"]
[SourceDate "2012.01.03"]

1. d4 d5 2. c4 e6 3. Nc3 Nf6 4. cxd5 exd5 5. Bg5 Bb4 6. Qc2 h6 7. Bh4 g5 8. Bg3
Ne4 9. O-O-O Nxc3 10. bxc3 Ba3+ 11. Kb1 c6 12. e4 O-O 13. Bd3 Nd7 14. e5 b5 15.
h4 g4 16. Qd2 Kg7 17. h5 Nb6 18. Qf4 Be7 19. Qc1 Nc4 20. Bf4 Rh8 21. Ne2 Qa5
22. Ng3 Ba3 23. Qc2 Nb2 24. Rde1 Nxd3 25. Qxd3 Be6 26. Rh4 Be7 27. Nf5+ Bxf5
28. Qxf5 Bxh4 29. e6 Rhf8 30. exf7 Rxf7 31. Qg6+ Kh8 32. Qxf7 1-0

[Event "102nd YMCA Winter B"]
[Site "Warszawa"]
[Date "2012.03.21"]
[Round "12"]
[White "Winiarski , Mikolaj"]
[Black "Szymczak, Rafal"]
[Result "1/2-1/2"]
[WhiteElo "1873"]
[BlackElo "2038"]
[Annotator "M"]
[PlyCount "22"]
[EventDate "2012.01.03"]
[EventType "tourn"]
[EventRounds "1"]
[EventCountry "POL"]
[SourceDate "2012.01.03"]

1. d4 f5 2. Nf3 Nf6 3. b3 g6 4. Bb2 Bg7 5. Nbd2 O-O 6. e3 d5 7. Bd3 Ne4 8. Qe2
Nd7 9. Ne5 Nxe5 10. dxe5 Nxd2 11. Qxd2 e6 $11 1/2-1/2

[Event "102nd YMCA Winter B"]
[Site "Warszawa"]
[Date "2012.03.22"]
[Round "12"]
[White "Szefer, Michal"]
[Black "Milczarek, Robert"]
[Result "1/2-1/2"]
[WhiteElo "2016"]
[BlackElo "1864"]
[Annotator "M"]
[PlyCount "28"]
[EventDate "2012.01.03"]
[EventType "tourn"]
[EventRounds "1"]
[EventCountry "POL"]
[SourceDate "2012.01.03"]

1. e4 c5 2. Nf3 d6 3. d4 cxd4 4. Nxd4 Nf6 5. Nc3 a6 6. Be3 e6 7. g4 Nc6 8. g5
Nd7 9. Rg1 Be7 10. Qd2 Nde5 11. Be2 O-O 12. O-O-O Nxd4 13. Bxd4 Nc6 14. Be3 b5
$11 1/2-1/2

[Event "102nd YMCA Winter B"]
[Site "Warszawa"]
[Date "2012.03.22"]
[Round "12"]
[White "Kubeczko, Grzegorz"]
[Black "Rusin, Ryszard"]
[Result "1-0"]
[WhiteElo "2017"]
[BlackElo "1897"]
[PlyCount "53"]
[EventDate "2012.01.03"]
[EventType "tourn"]
[EventRounds "1"]
[EventCountry "POL"]
[SourceDate "2012.01.03"]

1. Nf3 f5 2. c4 Nf6 3. g3 d6 4. d4 c5 5. dxc5 Qa5+ 6. Nc3 Qxc5 7. Bg2 e5 8. O-O
Qxc4 9. Bg5 Nc6 10. Bxf6 gxf6 11. Nd5 Kf7 12. Nc7 e4 13. Nxa8 Bh6 14. Nd2 Qb4
15. Nb3 a5 16. a3 Qc4 17. Nb6 Qa6 18. Nxc8 Rxc8 19. Qxd6 Rd8 20. Qc7+ Kg6 21.
e3 a4 22. Nc5 Qb5 23. Nxb7 Rd2 24. Nd6 Qd5 25. Nxf5 Kxf5 26. Qxh7+ Kg5 27. Bxe4
1-0

[Event "102nd YMCA Winter B"]
[Site "Warszawa"]
[Date "2012.03.29"]
[Round "13"]
[White "Rusin, Ryszard"]
[Black "Pettersson, Alexander"]
[Result "1/2-1/2"]
[WhiteElo "1897"]
[BlackElo "1948"]
[Annotator "M"]
[PlyCount "88"]
[EventDate "2012.01.03"]
[EventType "tourn"]
[EventRounds "1"]
[EventCountry "POL"]
[SourceDate "2012.01.03"]

1. d4 Nf6 2. c4 e6 3. Nf3 b6 4. g3 Ba6 5. Qc2 Bb4+ 6. Bd2 Bxd2+ 7. Nbxd2 O-O 8.
Bg2 c6 9. O-O d5 10. Rfe1 Nbd7 11. e4 dxc4 12. Nxc4 c5 13. Qa4 Bxc4 14. Qxc4
cxd4 15. Nxd4 Ne5 16. Qa4 Nd3 17. Re2 Nc5 18. Qd1 e5 19. Nb5 a6 20. Nc3 Qxd1+
21. Rxd1 Rfd8 22. Red2 Ne6 23. Nd5 b5 24. f3 Kf8 25. Bh3 Nd4 26. Kf2 Nxd5 27.
exd5 Rxd5 28. f4 Rad8 29. fxe5 Ke7 30. Bg2 R5d7 31. Bh3 Ne6 32. Rxd7+ Rxd7 33.
Rxd7+ Kxd7 34. Ke3 Kc6 35. Bf5 g6 36. Bxe6 fxe6 37. Kd4 a5 38. b3 Kb6 39. g4 g5
40. h3 $11 h6 41. a3 Kc6 42. b4 a4 $11 43. Ke4 Kb6 44. Kd4 Kc6 $11 1/2-1/2

[Event "102nd YMCA Winter B"]
[Site "Warszawa"]
[Date "2012.03.29"]
[Round "13"]
[White "Milczarek, Robert"]
[Black "Kubeczko, Grzegorz"]
[Result "0-1"]
[WhiteElo "1864"]
[BlackElo "2017"]
[PlyCount "76"]
[EventDate "2012.01.03"]
[EventType "tourn"]
[EventRounds "1"]
[EventCountry "POL"]
[SourceDate "2012.01.03"]

1. e4 e5 2. Nf3 Nc6 3. Bb5 a6 4. Ba4 Nf6 5. O-O Be7 6. Re1 b5 7. Bb3 d6 8. c3
O-O 9. h3 Bb7 10. d4 Re8 11. Nbd2 Bf8 12. a4 h6 13. Bc2 exd4 14. cxd4 Nb4 15.
Bb1 Qd7 16. Qb3 a5 17. Nh4 c5 18. dxc5 dxc5 19. axb5 Qxb5 20. e5 Bd5 21. Qg3
Ra6 22. Ndf3 Nd7 23. Ra3 c4 24. Nd4 Qb7 25. Ndf5 Kh8 26. Rae3 Ree6 27. Nd4 Reb6
28. e6 Bxe6 29. Ng6+ Kg8 30. Nxe6 Rxe6 31. Rxe6 Rxe6 32. Rxe6 fxe6 33. Nxf8
Kxf8 34. Qd6+ Kf7 35. Qf4+ Nf6 36. Qxc4 Qd7 37. Qf4 Nd3 38. Ba2 Nxf4 0-1

[Event "102nd YMCA Winter B"]
[Site "Warszawa"]
[Date "2012.03.14"]
[Round "13"]
[White "Szymczak, Rafal"]
[Black "Szefer, Michal"]
[Result "1-0"]
[WhiteElo "2038"]
[BlackElo "2016"]
[PlyCount "49"]
[EventDate "2012.01.03"]
[EventType "tourn"]
[EventRounds "1"]
[EventCountry "POL"]
[SourceDate "2012.01.03"]

1. f4 e5 2. fxe5 d6 3. exd6 Bxd6 4. Nf3 g5 5. g3 g4 6. Nh4 f5 7. d4 Be6 8. Bg2
c6 9. O-O Ne7 10. e4 fxe4 11. Nc3 Nd7 12. Nxe4 Qc7 13. c3 Ng6 14. Bg5 Be7 15.
Nf5 Bxf5 16. Rxf5 h5 17. Qb3 O-O-O 18. Bxe7 Nxe7 19. Rf7 Nd5 20. Nc5 Rhe8 21.
Bxd5 cxd5 22. Qxd5 Re2 23. Rxd7 Rxd7 24. Nxd7 h4 25. Ne5 1-0

[Event "102nd YMCA Winter B"]
[Site "Warszawa"]
[Date "2012.03.29"]
[Round "13"]
[White "Szukalski, Antoni"]
[Black "Suliborski, Jakub"]
[Result "1/2-1/2"]
[WhiteElo "1858"]
[BlackElo "1987"]
[Annotator "M"]
[PlyCount "104"]
[EventDate "2012.01.03"]
[EventType "tourn"]
[EventRounds "1"]
[EventCountry "POL"]
[SourceDate "2012.01.03"]

1. d4 Nf6 2. c4 c5 3. e3 g6 4. Nf3 Bg7 5. Nc3 O-O 6. Bd3 d6 7. O-O Bg4 8. h3
Bxf3 9. Qxf3 Nc6 10. d5 Ne5 11. Qe2 a6 12. a4 Qc7 13. Bc2 e6 14. Rd1 exd5 15.
Nxd5 Nxd5 16. Rxd5 Rad8 17. Rb1 Nc6 18. Bd2 Ne7 19. Rd3 d5 20. Bc3 d4 21. exd4
cxd4 22. Bb4 Rfe8 23. Re1 Bf6 24. Qf3 Kg7 25. Bxe7 Rxe7 26. Rxe7 Qxe7 27. Rd1
Qb4 28. b3 b5 29. axb5 axb5 30. cxb5 Qxb5 31. Qd3 Qb7 32. Qe4 Qb4 33. Rd3 Rc8
34. Qe2 Qa3 35. g3 Rc7 36. Rd2 Qc1+ 37. Kg2 Qa3 38. Rd1 Qa2 39. Rd2 Re7 40. Qd3
Qa8+ 41. Qf3 Qa1 42. Qd3 Qc3 43. Re2 Rc7 44. Qxc3 Rxc3 45. Rd2 Bg5 46. f4 Be7
47. Bd1 d3 48. Kf3 Ba3 49. Ke4 Kf6 50. Kd4 Bb4 51. Rxd3 Rxd3+ 52. Kxd3 Ke6 $11
1/2-1/2

[Event "102nd YMCA Winter B"]
[Site "Warszawa"]
[Date "2012.03.28"]
[Round "13"]
[White "Pastuszko, Kinga"]
[Black "Harazinska, Ewa"]
[Result "0-1"]
[WhiteElo "1912"]
[BlackElo "1900"]
[PlyCount "118"]
[EventDate "2012.01.03"]
[EventType "tourn"]
[EventRounds "1"]
[EventCountry "POL"]
[SourceDate "2012.01.03"]

1. e4 c5 2. Nf3 d6 3. d4 cxd4 4. Nxd4 Nf6 5. Nc3 a6 6. Bc4 e6 7. Bb3 b5 8. O-O
Be7 9. Qf3 Qc7 10. Qg3 O-O 11. Bh6 Ne8 12. Kh1 Kh8 13. Be3 Nf6 14. a3 Qb7 15.
Rae1 Bd7 16. f4 Nc6 17. e5 Ne8 18. f5 Nxd4 19. Bxd4 exf5 20. exd6 Bxd6 21.
Bxg7+ Nxg7 22. Qxd6 Bc6 23. Bd5 Bxd5 24. Qxd5 Qc7 25. Qd4 Rfe8 26. Rd1 Rad8 27.
Qf6 Rxd1 28. Rxd1 Qd7 29. h3 Qe6 30. Qh4 f6 31. Qf4 Qe5 32. Qf3 f4 33. Nd5 Nh5
34. Kh2 Rg8 35. Nc3 Rg3 36. Rd5 Rxf3 37. Rxe5 Rxh3+ 38. Kxh3 fxe5 39. Kg4 Ng3
40. Nd5 Kg7 41. Nc7 Kg6 42. Nxa6 h5+ 43. Kf3 Kf5 44. Nc5 e4+ 45. Kf2 h4 46. b3
Kg4 47. a4 e3+ 48. Kg1 bxa4 49. bxa4 h3 50. gxh3+ Kxh3 51. a5 f3 52. Nd3 Ne4
53. Kf1 Kg3 54. a6 Nd2+ 55. Ke1 f2+ 56. Nxf2 exf2+ 57. Kxd2 f1=Q 58. Kc3 Qxa6
59. Kb4 Kf4 0-1

[Event "102nd YMCA Winter B"]
[Site "Warszawa"]
[Date "2012.03.14"]
[Round "13"]
[White "Sujkowski, Pawel"]
[Black "Safanowski, Tomasz"]
[Result "1-0"]
[WhiteElo "2014"]
[BlackElo "1933"]
[Annotator "M"]
[PlyCount "125"]
[EventDate "2012.01.03"]
[EventType "tourn"]
[EventRounds "1"]
[EventCountry "POL"]
[SourceDate "2012.01.03"]

1. c4 d6 2. Nc3 Nf6 3. Nf3 e5 4. d4 e4 5. Ng5 Qe7 6. g3 h6 7. Nh3 c6 8. Bg2 g5
9. O-O Bg7 10. f3 exf3 11. exf3 O-O 12. Re1 Qc7 13. Qd3 d5 14. cxd5 cxd5 15.
Be3 Nc6 16. Rac1 Be6 17. Nf2 Qd7 18. Qd2 Rac8 19. Nd3 b6 20. Ne5 Nxe5 21. dxe5
Nh5 22. Bxg5 hxg5 23. Qxg5 f6 24. Qxh5 fxe5 25. Qg5 Rf5 26. Qd2 Rh5 27. Ne2
Rxc1 28. Rxc1 Bh6 29. f4 Bf8 30. fxe5 Bc5+ 31. Nd4 Rxe5 32. b4 Bf8 33. Nxe6
Qxe6 34. Rd1 d4 35. Qxd4 Re1+ 36. Bf1 Bxb4 37. Rxe1 Qxe1 38. Qg4+ Kf8 39. Qf3+
Kg7 40. Qg4+ Kf8 41. Qf3+ Kg7 $11 42. h4 Bc5+ 43. Kh2 Qd2+ 44. Qe2 Qd4 45. Bg2
Bd6 46. Kh3 a5 47. Be4 Qe5 48. Qg4+ Kf6 49. Qf3+ Kg7 50. Bd5 b5 51. Qf7+ Kh6
52. Qe6+ Qxe6+ 53. Bxe6 b4 54. Bd7 Kg6 55. g4 Kg7 56. g5 Be7 57. Kg4 Kg6 58.
h5+ Kg7 59. h6+ Kh8 60. Kh5 a4 61. Bxa4 b3 62. Bxb3 Bf8 63. a4 1-0